[Event "C-Turnier"]
[Site "Hessische Einzelmeisterschaft"]
[Date "2010.04.04"]
[Round "7"]
[White "Wiegand, Helmut"]
[Black "Will, Patrick"]
[Result "1/2-1/2"]
[WhiteElo "1891"]
[BlackElo "1886"]
[PlyCount "58"]
[EventDate "2010.??.??"]

1. Nf3 b6 2. g3 Bb7 3. Bg2 g6 4. O-O Bg7 5. c4 d6 6. d4 e6 7. Nc3 Nf6 8. Qc2
O-O 9. b3 a6 10. Bb2 c5 11. e3 Nc6 12. a3 Ne7 13. e4 Nd7 14. d5 e5 15. Bc1 f5
16. Ng5 Qc8 17. Ne6 Rf7 18. Nxg7 Kxg7 19. f3 Nf6 20. Be3 Nh5 21. Bh3 Qf8 22.
Ne2 Bc8 23. f4 fxe4 24. Bxc8 Qxc8 25. fxe5 Rxf1+ 26. Rxf1 Qg4 27. Nf4 Nf5 28.
Qxe4 Nxf4 29. Bxf4 g5 1/2-1/2

[Event "C-Turnier"]
[Site "Hessische Einzelmeisterschaft"]
[Date "2010.04.04"]
[Round "7"]
[White "Lahr, Marcus"]
[Black "Mussler, Thomas"]
[Result "0-1"]
[WhiteElo "2006"]
[BlackElo "2118"]
[PlyCount "68"]
[EventDate "2010.??.??"]

1. g3 c5 2. Bg2 Nc6 3. c4 g6 4. Nc3 Bg7 5. Rb1 e6 6. a3 Nge7 7. b4 cxb4 8. axb4
d5 9. b5 Ne5 10. cxd5 exd5 11. Ba3 d4 12. Ne4 O-O 13. d3 Be6 14. Qa4 Bd5 15.
Nf3 Nxf3+ 16. Bxf3 Re8 17. O-O Nf5 18. Rfc1 h5 19. Rc5 Bxe4 20. Bxe4 Nh6 21.
Bxb7 Rxe2 22. Bf3 Qe8 23. Rc7 Re1+ 24. Rxe1 Qxe1+ 25. Kg2 Re8 26. Qxa7 Qb1 27.
b6 Re1 28. Bc1 Qxd3 29. Qa8+ Kh7 30. h4 Qf1+ 31. Kh2 Qxf2+ 32. Kh3 Ng4 33. Bg2
Rh1+ 34. Bxh1 Qh2# 0-1

[Event "C-Turnier"]
[Site "Hessische Einzelmeisterschaft"]
[Date "2010.04.04"]
[Round "7"]
[White "Fußnecker, Manfred"]
[Black "Baskin, Robert"]
[Result "0-1"]
[WhiteElo "1963"]
[BlackElo "1828"]
[PlyCount "68"]
[EventDate "2010.??.??"]

1. e4 e6 2. f4 d5 3. e5 c5 4. Nf3 b6 5. c3 Qd7 6. Na3 Ba6 7. Bxa6 Nxa6 8. Qe2
Nc7 9. Nc2 Nh6 10. d4 Be7 11. O-O O-O 12. Ne3 f6 13. Bd2 f5 14. Ng5 Bxg5 15.
fxg5 Nf7 16. Qh5 g6 17. Qh4 Qe7 18. Kh1 h6 19. Rf3 hxg5 20. Nxf5 exf5 21. Bxg5
Qxg5 22. Qf2 Qh6 23. Rg3 Ng5 24. Qd2 f4 25. Rg4 Ne4 26. Qc2 Qh5 27. h3 f3 28.
Rxe4 dxe4 29. Qxe4 fxg2+ 30. Kxg2 Qf5 31. Qh4 Qf3+ 32. Kg1 Qe3+ 33. Kh1 Rf2 34.
Qh8+ Kxh8 0-1

[Event "C-Turnier"]
[Site "Hessische Einzelmeisterschaft"]
[Date "2010.04.04"]
[Round "7"]
[White "Gutacker, Stephan"]
[Black "Tonn, Peter"]
[Result "1-0"]
[WhiteElo "1936"]
[BlackElo "2000"]
[PlyCount "91"]
[EventDate "2010.??.??"]

1. e4 d6 2. d4 Nf6 3. Nc3 g6 4. Bg5 Bg7 5. e5 dxe5 6. dxe5 Qxd1+ 7. Rxd1 Ng8 8.
Nf3 f6 9. exf6 exf6 10. Nd5 fxg5 11. Nxc7+ Ke7 12. Nxa8 Bxb2 13. Bc4 Bc3+ 14.
Nd2 Nh6 15. Nc7 Ba5 16. Nd5+ Kd6 17. O-O Bxd2 18. Rxd2 Kc5 19. Ne3 Nf5 20. Rd5+
Kc6 21. Bb5+ Kc7 22. Rfd1 Nc6 23. R5d3 Be6 24. Nd5+ Kc8 25. Bxc6 bxc6 26. Nb4
c5 27. Nc6 Kc7 28. Nxa7 Nd4 29. a4 Bc4 30. Rxd4 cxd4 31. Rxd4 Be6 32. Nb5+ Kb7
33. Kf1 Bf5 34. Nd6+ Kc6 35. Nxf5 gxf5 36. Ke2 Re8+ 37. Kd2 Re6 38. a5 h5 39.
Ra4 Kb5 40. Ra3 Ka6 41. c4 h4 42. g3 h3 43. Re3 Rc6 44. Re5 Rxc4 45. Rxf5 g4
46. Rf4 1-0

[Event "C-Turnier"]
[Site "Hessische Einzelmeisterschaft"]
[Date "2010.04.04"]
[Round "7"]
[White "Geringer, Waldemar"]
[Black "Juhnke, Peter"]
[Result "1-0"]
[WhiteElo "1949"]
[BlackElo "1931"]
[PlyCount "105"]
[EventDate "2010.??.??"]

1. d4 c5 2. d5 e5 3. dxe6 fxe6 4. e4 Nc6 5. Nf3 Be7 6. Bf4 Nf6 7. Nc3 a6 8. Bd6
O-O 9. e5 Ne8 10. Ne4 Nxd6 11. Nxd6 Bxd6 12. Qxd6 Qe7 13. O-O-O Qxd6 14. exd6
b5 15. Bd3 Bb7 16. Be4 Rab8 17. Rhe1 h6 18. Bxc6 Bxc6 19. Ne5 Rb6 20. f3 Rd8
21. h4 Bd5 22. b3 c4 23. Rd4 Rxd6 24. bxc4 bxc4 25. Nxc4 Rc6 26. Na5 Rc3 27.
Kb2 Rdc8 28. Re2 g6 29. Nb3 R3c4 30. Red2 Kf7 31. Nc1 Rb8+ 32. Nb3 Rbc8 33. Kc1
Kf6 34. Kd1 g5 35. hxg5+ hxg5 36. a4 Ke5 37. a5 Rxd4 38. Rxd4 Bxb3 39. Re4+ Kf5
40. cxb3 d5 41. Rb4 e5 42. g4+ Ke6 43. Rb6+ Kd7 44. Rxa6 Rc3 45. Rb6 Rxf3 46.
a6 Kc7 47. Rb7+ Kc6 48. b4 Ra3 49. b5+ Kc5 50. a7 e4 51. b6 Kd4 52. Rb8 Kd3 53.
a8=Q 1-0

[Event "C-Turnier"]
[Site "Hessische Einzelmeisterschaft"]
[Date "2010.04.04"]
[Round "7"]
[White "Ritscher, Georg"]
[Black "Rack, Matthias"]
[Result "1/2-1/2"]
[WhiteElo "1962"]
[BlackElo "2056"]
[PlyCount "36"]
[EventDate "2010.??.??"]

1. e4 e5 2. Nf3 Nf6 3. Nc3 Nc6 4. a3 Be7 5. Bb5 d6 6. h3 O-O 7. O-O a6 8. Ba4
b5 9. Bb3 Bb7 10. d3 h6 11. Re1 Na5 12. Ba2 c5 13. Ne2 c4 14. Ng3 Bc8 15. Qe2
Be6 16. Bd2 Rc8 17. d4 exd4 18. Nxd4 Bd7 1/2-1/2

[Event "C-Turnier"]
[Site "Hessische Einzelmeisterschaft"]
[Date "2010.04.04"]
[Round "7"]
[White "Machlin, Maxim"]
[Black "Risius, Philipp"]
[Result "1/2-1/2"]
[WhiteElo "1933"]
[BlackElo "1777"]
[PlyCount "80"]
[EventDate "2010.??.??"]

1. e4 d5 2. exd5 Nf6 3. d4 Nxd5 4. c4 Nb6 5. Nc3 Nc6 6. Be3 e6 7. Nf3 Ne7 8.
Bd3 Nf5 9. Bxf5 exf5 10. a3 g6 11. O-O Bg7 12. Rc1 O-O 13. b3 h6 14. h4 Nd7 15.
Qd2 Kh7 16. Rce1 Nf6 17. Bf4 c6 18. Re2 Be6 19. Rfe1 Qb6 20. Rb1 Ne4 21. Qd3
Nxc3 22. Qxc3 c5 23. dxc5 Qxc5 24. Be5 Bxe5 25. Rxe5 Qxa3 26. h5 Qd6 27. Rbe1
Rae8 28. Nh4 Rg8 29. c5 Qd7 30. hxg6+ fxg6 31. Qe3 Bf7 32. Re7 Rxe7 33. Qxe7
Qe8 34. Nxg6 Qxe7 35. Nxe7 Re8 36. b4 Ba2 37. f3 a6 38. Kf2 Rf8 39. Re5 Bb1 40.
g3 f4 1/2-1/2

[Event "C-Turnier"]
[Site "Hessische Einzelmeisterschaft"]
[Date "2010.04.04"]
[Round "7"]
[White "Zilch, Lothar"]
[Black "Egenolf, Dirk"]
[Result "1-0"]
[WhiteElo "2021"]
[BlackElo "1911"]
[PlyCount "85"]
[EventDate "2010.??.??"]

1. c4 Nf6 2. Nc3 g6 3. e4 d6 4. d4 Bg7 5. Be2 Nbd7 6. Bg5 h6 7. Be3 e5 8. d5
O-O 9. Qd2 Kh7 10. f3 a5 11. b3 Nh5 12. Rc1 Nhf6 13. Nh3 Nc5 14. g4 Ng8 15. Nf2
Bd7 16. h4 b6 17. Bd1 f5 18. exf5 gxf5 19. Bc2 Kh8 20. g5 h5 21. f4 Qe8 22. O-O
Ne7 23. Bd1 Qg6 24. Qe2 Be8 25. Nh1 Ng8 26. Ng3 Nh6 27. Qxh5 Qxh5 28. Nxh5 Bxh5
29. gxh6 Bxh6 30. Bxh5 Nd3 31. Rcd1 Nxf4 32. Bxf4 Bxf4 33. Bg6 Be3+ 34. Kg2 Rf6
35. h5 Raf8 36. Nb5 f4 37. Kf3 Rc8 38. Rde1 Bc5 39. Re2 c6 40. Na7 Ra8 41. Nxc6
a4 42. b4 Be3 43. a3 1-0

[Event "C-Turnier"]
[Site "Hessische Einzelmeisterschaft"]
[Date "2010.04.04"]
[Round "7"]
[White "Engelbert, Thomas"]
[Black "Faqiry, Ramat"]
[Result "1/2-1/2"]
[WhiteElo "1762"]
[BlackElo "1977"]
[PlyCount "97"]
[EventDate "2010.??.??"]

1. c4 c5 2. g3 g6 3. Bg2 Bg7 4. Nc3 e6 5. e4 d6 6. Nge2 Nc6 7. d3 Nge7 8. Be3
Nd4 9. O-O O-O 10. Rb1 Nec6 11. Qd2 Re8 12. Rbd1 a6 13. Bh6 Nxe2+ 14. Nxe2 Bf6
15. Be3 Nd4 16. f4 Rb8 17. b3 b5 18. Nxd4 cxd4 19. Bf2 e5 20. Rc1 Qb6 21. Qc2
Be7 22. cxb5 Qxb5 23. Qc4 Bd7 24. Qc2 Rbc8 25. Qd2 Qb7 26. Rxc8 Rxc8 27. Rc1
Rc7 28. Be1 Qc8 29. Rxc7 Qxc7 30. Qb2 Bb5 31. Qd2 Qc8 32. Bf3 exf4 33. gxf4 Bf6
34. Kg2 Qc3 35. Be2 h5 36. Kf3 Bd7 37. Kg2 Qc8 38. Qb4 Bh3+ 39. Kg1 Bg4 40. Qd2
Qc3 41. Bxg4 hxg4 42. Kg2 Qc5 43. Qf2 Bg7 44. Qe2 Kh7 45. Kg1 f5 46. exf5 gxf5
47. Qe8 Qd5 48. Bh4 Qf3 49. Qh5+ 1/2-1/2

[Event "C-Turnier"]
[Site "Hessische Einzelmeisterschaft"]
[Date "2010.04.04"]
[Round "7"]
[White "Eibelshäuser, Stefan"]
[Black "Larem, Peter"]
[Result "0-1"]
[WhiteElo "2057"]
[BlackElo "1921"]
[PlyCount "62"]
[EventDate "2010.??.??"]

1. d4 Nf6 2. c4 c5 3. d5 b5 4. cxb5 a6 5. bxa6 Bxa6 6. Nc3 g6 7. e4 Bxf1 8.
Kxf1 d6 9. Nf3 Bg7 10. g3 O-O 11. Kg2 Nbd7 12. h3 Ra6 13. Re1 Qa8 14. Bg5 h6
15. Be3 Rb8 16. Rb1 Nb6 17. b3 Nfd7 18. Qd2 Kh7 19. a4 Ra7 20. h4 Rab7 21. h5
Nc4 22. hxg6+ fxg6 23. bxc4 Bxc3 24. Ng5+ Kg8 25. Qxc3 Rxb1 26. Ne6 Ne5 27.
Rxb1 Rxb1 28. f4 Qxa4 29. fxe5 Qd1 30. Kh3 Qh1+ 31. Kg4 Qh5+ 0-1

[Event "C-Turnier"]
[Site "Hessische Einzelmeisterschaft"]
[Date "2010.04.04"]
[Round "7"]
[White "Rump, Andreas"]
[Black "Enders, Georg"]
[Result "1-0"]
[WhiteElo "1866"]
[BlackElo "2011"]
[PlyCount "76"]
[EventDate "2010.??.??"]

1. e4 e5 2. Nf3 Nf6 3. Nxe5 d6 4. Nf3 Nxe4 5. d4 d5 6. Bd3 Be7 7. O-O Bg4 8.
Qe2 Nc6 9. c3 f5 10. Bb5 O-O 11. Bxc6 bxc6 12. Qd3 Bxf3 13. Qxf3 Rb8 14. Qe2
Bd6 15. Nd2 Re8 16. Qd3 c5 17. Nf3 c6 18. b3 Qf6 19. c4 Rbd8 20. cxd5 cxd5 21.
Bb2 Qf7 22. Rac1 Re6 23. dxc5 Nxc5 24. Rxc5 Bxc5 25. Ng5 Qe7 26. Nxe6 Qxe6 27.
Qc3 Qe7 28. Re1 Qf8 29. Qe5 d4 30. Rd1 d3 31. Bc3 Bb6 32. h4 Kh8 33. h5 h6 34.
Qg3 f4 35. Qg6 Bxf2+ 36. Kf1 Be3 37. Qxh6+ Kg8 38. Qg5 Re8 $138 1-0

[Event "C-Turnier"]
[Site "Hessische Einzelmeisterschaft"]
[Date "2010.04.04"]
[Round "7"]
[White "Genis, Roy"]
[Black "Francke, Helmut"]
[Result "0-1"]
[WhiteElo "1947"]
[BlackElo "1987"]
[PlyCount "106"]
[EventDate "2010.??.??"]

1. e4 c5 2. c3 b6 3. d4 Bb7 4. Bd3 Nf6 5. Qe2 cxd4 6. cxd4 Nc6 7. d5 Nb4 8. Nc3
Nxd3+ 9. Qxd3 Qc8 10. Bf4 Ba6 11. Qd2 Qc4 12. Qe2 Qxc3+ 13. bxc3 Bxe2 14. Nxe2
Nxe4 15. f3 Nc5 16. Kd2 g6 17. Rhe1 Bg7 18. Nd4 e6 19. Bd6 Nb7 20. Ba3 Bf8 21.
Bb4 Bc5 22. Nb5 Ke7 23. Rad1 Nd6 24. dxe6 dxe6 25. Nc7 Rad8 26. Bxc5 bxc5 27.
Kc2 Rc8 28. Nd5+ Kd7 29. Nf6+ Kc6 30. Ne4 Nxe4 31. Rxe4 Rhd8 32. Rf4 Rxd1 33.
Kxd1 Rc7 34. Kc2 h5 35. a4 a5 36. Re4 Kd5 37. h3 f5 38. Re1 e5 39. Rd1+ Kc6 40.
Re1 Re7 41. c4 e4 42. h4 exf3 43. Rxe7 f2 44. Re6+ Kd7 45. Rxg6 f1=Q 46. Rg7+
Ke6 47. Rg6+ Ke5 48. g4 hxg4 49. h5 f4 50. h6 Qxc4+ 51. Kd2 Qd4+ 52. Kc1 Qc3+
53. Kb1 Qd3+ 0-1

[Event "C-Turnier"]
[Site "Hessische Einzelmeisterschaft"]
[Date "2010.04.04"]
[Round "7"]
[White "Winter, Lars"]
[Black "Wilhelm, Holger"]
[Result "1-0"]
[WhiteElo "1974"]
[BlackElo "1857"]
[PlyCount "77"]
[EventDate "2010.??.??"]

1. e4 e6 2. d4 d5 3. e5 c5 4. c3 cxd4 5. cxd4 Nc6 6. Nf3 Bb4+ 7. Nc3 Bd7 8. Bd3
Nge7 9. O-O Bxc3 10. bxc3 Ng6 11. Rb1 Na5 12. g3 b6 13. h4 Qc7 14. Ba3 Nc4 15.
Bc1 Na5 16. Qe2 Rc8 17. h5 Ne7 18. h6 g6 19. Bg5 Ng8 20. Rfc1 Nc4 21. Nd2 Nxd2
22. Qxd2 f6 23. exf6 Kf7 24. Ba6 Nxf6 25. Bf4 Ne4 26. Qe3 Qc6 27. c4 Rcd8 28.
cxd5 Qxd5 29. Rc7 Nf6 30. Be5 Qxa2 31. Rbc1 Rhf8 32. Bc4 Qa4 33. Qf4 Kg8 34.
Bxf6 Rde8 35. Qe5 Qa5 36. d5 Qd2 37. Re1 Rxf6 38. Qxf6 Qxe1+ 39. Bf1 1-0

[Event "C-Turnier"]
[Site "Hessische Einzelmeisterschaft"]
[Date "2010.04.04"]
[Round "7"]
[White "Haftmann, Rainer"]
[Black "Fröhlich-Dill, Astrid"]
[Result "0-1"]
[WhiteElo "1881"]
[BlackElo "1910"]
[PlyCount "120"]
[EventDate "2010.??.??"]

1. e4 c5 2. Nf3 Nc6 3. d4 cxd4 4. Nxd4 e6 5. Nc3 a6 6. a3 Qc7 7. Be2 b5 8. Be3
Bb7 9. O-O Nf6 10. f4 Nxd4 11. Qxd4 d5 12. e5 Nd7 13. Qd2 Be7 14. Bd4 Rc8 15.
Rae1 Bc5 16. Qe3 Bxd4 17. Qxd4 O-O 18. Bd3 Qc5 19. Ne2 Qxd4+ 20. Nxd4 Nc5 21.
Rd1 Nxd3 22. Rxd3 a5 23. Rf2 b4 24. axb4 axb4 25. f5 exf5 26. Nxf5 Rc5 27. e6
Rc7 28. Rg3 g6 29. Nh6+ Kg7 30. Nxf7 Bc8 31. Re2 Re7 32. Ng5 Ba6 33. Rf2 Rxf2
34. Kxf2 h6 35. Nh3 Rxe6 36. Nf4 Rf6 37. Rf3 Bb7 38. Nd3 Rb6 39. Ne5 Rf6 40.
Rxf6 Kxf6 41. Nd3 b3 42. c3 Ba6 43. Ke3 Kf5 44. Kd4 Kg4 45. Nf2+ Kf4 46. Nd3+
Kg4 47. Ne5+ Kf5 48. Kxd5 Bb7+ 49. Nc6 g5 50. Kc5 h5 51. g3 Kg4 52. Ne5+ Kh3
53. g4 h4 54. Kd4 Kxh2 55. Ke3 Kg3 56. Nd3 Kxg4 57. Nf2+ Kg3 58. c4 g4 59. c5
h3 60. Ke2 h2 0-1

[Event "C-Turnier"]
[Site "Hessische Einzelmeisterschaft"]
[Date "2010.04.04"]
[Round "7"]
[White "Rätsch, Kurt"]
[Black "Arnold, Michael"]
[Result "0-1"]
[WhiteElo "2069"]
[BlackElo "1846"]
[PlyCount "72"]
[EventDate "2010.??.??"]

1. e4 d5 2. exd5 Qxd5 3. Nf3 Bg4 4. Be2 Nf6 5. d4 a6 6. c4 Qd8 7. Qb3 Qc8 8. c5
e6 9. O-O Be7 10. Be3 O-O 11. Nbd2 Nd5 12. Bc4 c6 13. Rac1 Nd7 14. Rfe1 N7f6
15. Bg5 Qc7 16. Ne5 Bf5 17. Ndf3 Ne4 18. Bxe7 Qxe7 19. g4 Bxg4 20. Nxg4 f5 21.
Nge5 g5 22. Bd3 Nf4 23. Bxe4 g4 24. Nxg4 fxg4 25. Re3 gxf3 26. Bxf3 Rf6 27. Kf1
Raf8 28. Rc2 Qf7 29. Rd2 Nd5 30. Bxd5 Rxf2+ 31. Ke1 exd5 32. Rg3+ Kh8 33. Rxf2
Qxf2+ 34. Kd1 Qxh2 35. Qd3 Qxb2 36. Rh3 Qa1+ 0-1

[Event "C-Turnier"]
[Site "Hessische Einzelmeisterschaft"]
[Date "2010.04.04"]
[Round "7"]
[White "Kazic, Bruno"]
[Black "Zimmer, Gerald"]
[Result "0-1"]
[WhiteElo "1749"]
[BlackElo "1796"]
[PlyCount "20"]
[EventDate "2010.??.??"]

1. e4 e6 2. d4 d5 3. exd5 exd5 4. Bd3 Bd6 5. c3 c6 6. Nf3 Nf6 7. Bg5 Bg4 8. O-O
O-O 9. Nbd2 Nbd7 10. Re1 b5 {Handy tralala...} 0-1

[Event "C-Turnier"]
[Site "Hessische Einzelmeisterschaft"]
[Date "2010.04.04"]
[Round "7"]
[White "Kaulfuss, Christa"]
[Black "Rausch, Wolfgang"]
[Result "0-1"]
[WhiteElo "1933"]
[BlackElo "1804"]
[PlyCount "98"]
[EventDate "2010.??.??"]

1. e4 Nf6 2. Nc3 d6 3. g3 g6 4. Bg2 e5 5. Nf3 Bg7 6. d3 O-O 7. O-O c6 8. h3 Re8
9. Re1 Nbd7 10. Kh2 Qc7 11. Rb1 b5 12. a3 Bb7 13. Bd2 a6 14. Qc1 Rab8 15. Bh6
Bh8 16. Nh4 d5 17. Nf5 dxe4 18. Nxe4 Nxe4 19. Bxe4 f6 20. Nh4 Nc5 21. Bg2 Ne6
22. Bd2 c5 23. Qd1 Bxg2 24. Nxg2 c4 25. dxc4 Qxc4 26. c3 Rbd8 27. Qe2 Qa2 28.
Be3 Bg7 29. Rbd1 Bf8 30. Rd2 Rxd2 31. Qxd2 Rd8 32. Qe2 Qd5 33. Bb6 Rd6 34. Ne3
Qc6 35. Ba5 Ng5 36. Ng2 Nf3+ 37. Kh1 Nxe1 38. Qxe1 Qf3 39. Qe3 Qxe3 40. Nxe3
Rd2 41. Kg2 Rxb2 42. c4 Bc5 43. Kf3 Bxe3 44. Kxe3 Rb3+ 45. Ke4 Rxa3 46. c5 Rxa5
47. Kd5 Kf7 48. Kd6 Ra4 49. c6 Rc4 0-1

[Event "C-Turnier"]
[Site "Hessische Einzelmeisterschaft"]
[Date "2010.04.04"]
[Round "7"]
[White "Sterzik, Peter"]
[Black "Herms, Thorsten"]
[Result "1/2-1/2"]
[WhiteElo "1742"]
[BlackElo "1746"]
[PlyCount "52"]
[EventDate "2010.??.??"]

1. e4 c5 2. Nf3 d6 3. d4 cxd4 4. Nxd4 Nf6 5. Nc3 g6 6. Be3 Bg7 7. f3 Nc6 8. Qd2
O-O 9. g4 Nxd4 10. Bxd4 Be6 11. O-O-O Qa5 12. Kb1 Rfc8 13. a3 a6 14. Bxf6 Bxf6
15. Nd5 Qa4 16. Nb6 Qc6 17. Nxa8 Rxa8 18. g5 Bg7 19. h4 a5 20. Bd3 b5 21. e5
Qd5 22. c4 Qxe5 23. Rde1 Qc5 24. Rxe6 fxe6 25. cxb5 Qd5 26. Qe2 Rc8 1/2-1/2

[Event "C-Turnier"]
[Site "Hessische Einzelmeisterschaft"]
[Date "2010.04.04"]
[Round "7"]
[White "Warnk, Torsten"]
[Black "Berrou, Mohammed"]
[Result "1-0"]
[WhiteElo "1977"]
[BlackElo "2016"]
[PlyCount "97"]
[EventDate "2010.??.??"]

1. d4 Nf6 2. Nf3 g6 3. Bf4 d5 4. e3 Bg7 5. c4 c5 6. Nc3 Nc6 7. Nb5 O-O 8. Bc7
Qd7 9. Bg3 Nh5 10. cxd5 Nxg3 11. hxg3 Nb4 12. e4 a6 13. Nc3 cxd4 14. Na4 Qc7
15. Rc1 Qa5 16. Nd2 d3 17. Qb3 Bg4 18. f3 Nc2+ 19. Kd1 Ne3+ 20. Ke1 Rac8 21.
Nc3 Nc2+ 22. Kd1 Bxc3 23. bxc3 Rxc3 24. Qb2 Rfc8 25. Bxd3 Rxd3 26. Rxc2 Qa4 27.
Kc1 Bd7 28. Rxc8+ Bxc8 29. Qc2 Qxc2+ 30. Kxc2 Ra3 31. Kb2 Re3 32. Rc1 Bd7 33.
Rc7 Bb5 34. Rxe7 Kf8 35. Rxb7 Re2 36. Kc3 Rxg2 37. d6 Ke8 38. g4 h5 39. gxh5
gxh5 40. Re7+ Kf8 41. Re5 h4 42. Rh5 Rh2 43. Nc4 Bxc4 44. Kxc4 Ke8 45. a4 h3
46. Kd5 Kd7 47. Rh7 Rd2+ 48. Ke5 Rxd6 49. Rxf7+ 1-0

[Event "C-Turnier"]
[Site "Hessische Einzelmeisterschaft"]
[Date "2010.04.04"]
[Round "7"]
[White "Koculak, Eduard"]
[Black "Wachtel, Johann"]
[Result "1-0"]
[WhiteElo "1727"]
[BlackElo "1738"]
[PlyCount "87"]
[EventDate "2010.??.??"]

1. d4 f5 2. c4 g6 3. Nc3 Bg7 4. e4 d6 5. Nf3 c6 6. Be2 Nh6 7. O-O O-O 8. Re1
Qc7 9. d5 e5 10. Bd2 f4 11. b4 Bd7 12. Rc1 c5 13. Nb5 Bxb5 14. cxb5 b6 15. bxc5
bxc5 16. Ng5 Qe7 17. Ne6 Rc8 18. a4 Nd7 19. Qb3 g5 20. h3 Rab8 21. a5 Nf6 22.
f3 Nh5 23. Nxc5 Ng3 24. Ne6 Rxc1 25. Bxc1 Rc8 26. Bd2 g4 27. fxg4 Nxe4 28. Rd1
Ng3 29. Bf1 Bf6 30. Rc1 Qb7 31. Rxc8+ Qxc8 32. Qc4 Qa8 33. Qc6 Qb8 34. Bb4 Be7
35. b6 axb6 36. axb6 Kf7 37. Qc7 Qa8 38. Bxd6 Ng8 39. Bxe7 Nxe7 40. d6 Kxe6 41.
Qxe7+ Kd5 42. d7 Qa1 43. d8=Q+ Ke4 44. Qd3# 1-0

[Event "C-Turnier"]
[Site "Hessische Einzelmeisterschaft"]
[Date "2010.04.04"]
[Round "7"]
[White "Minor, Dieter"]
[Black "Mersinger, Ralf"]
[Result "1-0"]
[WhiteElo "1888"]
[BlackElo "1728"]
[PlyCount "61"]
[EventDate "2010.??.??"]

1. d4 d5 2. Nf3 Nf6 3. Bf4 e6 4. e3 Nbd7 5. Nbd2 c5 6. Ne5 c4 7. c3 Be7 8. Ndf3
Ne4 9. Qc2 Nxe5 10. Nxe5 f6 11. Nxc4 g5 12. Bg3 Nxg3 13. hxg3 dxc4 14. Rxh7
Rxh7 15. Qxh7 b5 16. a4 Qb6 17. b3 bxa4 18. Bxc4 Ba6 19. Qg8+ Bf8 20. Bxe6 Qc7
21. c4 axb3 22. Rxa6 Qg7 23. Qxg7 Bxg7 24. c5 b2 25. Bf5 Bf8 26. Kd1 Be7 27.
Kc2 Kd8 28. Kb1 Kc7 29. Be4 Rb8 30. Rxa7+ Kd8 31. c6 1-0